|
|
|
|
| LEADER |
00000nab a2200000 a 4500 |
| 001 |
vtls000203921 |
| 003 |
SK-MaSNL |
| 005 |
20260302204101.0 |
| 008 |
160201c1984 xo 0 cze |
| 015 |
|
|
|a SNBRA19rr/mm-uuuuu
|
| 035 |
|
|
|a CL0214034
|
| 040 |
|
|
|a SNKBUCL
|b slo
|c SNKBUCL
|e AACR2
|
| 041 |
0 |
|
|a cze
|
| 044 |
|
|
|a xo
|c SK
|
| 080 |
|
|
|a 339.378
|2 1981
|
| 100 |
1 |
|
|a Ševera, Michal
|4 aut
|9 928145
|
| 245 |
1 |
0 |
|a Možnosti a směry intenzifikace obchodní sítě v 80 letech
|c Michal Ševera
|
| 650 |
0 |
7 |
|a sieť obchodná
|2 snkbucl
|9 882897
|
| 655 |
|
7 |
|a články zo zborníkov
|2 snkbucl
|9 166140
|
| 773 |
0 |
|
|t Možnosti a smery zefektívnenia práce odvetvia vnútorného obchodu v podmienkach socialistickej ekonomickej integrácie a vedecko-technickej revolúcie
|d Bratislava : Alfa, 1984
|
| 850 |
|
|
|a Slovenská národná knižnica v Martine
|a MTA001
|
| 852 |
|
|
|a SNK
|b KIS3GCP
|
| 958 |
|
|
|a RK
|
| 958 |
|
|
|a CZ
|
| 992 |
|
|
|a RZB
|
| 999 |
|
|
|c 1471813
|d 1473743
|